Caricamento...
Russian for everybody /
| Altri autori: | |
|---|---|
| Natura: | Printed Book |
| Lingua: | English |
| Pubblicazione: |
Moscow :
Russky Yagyk Publishers,
1987.
|
| LEADER | 00385nam a2200121Ia 4500 | ||
|---|---|---|---|
| 008 | 150624b xxu||||| |||| 00| 0 eng d | ||
| 245 | |a Russian for everybody / | ||
| 260 | |a Moscow : |b Russky Yagyk Publishers, |c 1987. | ||
| 300 | |a 304 p. | ||
| 700 | |a Kostomarov, V. |e editor. | ||
| 942 | |c BK | ||
| 999 | |c 41267 |d 41267 | ||
| 952 | |0 1 |1 0 |4 0 |7 0 |9 41264 |a UL |b UL |c ST1 |d 1998-09-01 |l 0 |p 59529 |r 2012-10-27 |w 2012-10-27 |y BK | ||